000 00583nam a2200181Ia 4500
003 GCL
008 140319s9999 xx 000 0 ara d
040 _aGCL /
_cGCL
082 0 4 _a366.1
_bح م
100 1 _aحسين عمر حمادة
245 1 0 _aالماسونية والماسونيون فى الوطن العربى /
_cحسين عمر حمادة
300 _a334 ص
490 _aالهيئة العامة للاستعلامات
_v0
650 0 4 _aالماسونية واليهودية
650 0 4 _aالماسونية
650 0 4 _aالماسونيون
942 _2ddc
_cBK
999 _c49013
_d49013